| 000 | 01289nam a22003134a 4500 | ||
|---|---|---|---|
| 001 | ebr10089745 | ||
| 003 | CaPaEBR | ||
| 006 | m u | ||
| 007 | cr cn||||||||| | ||
| 008 | 030226r20031713mau s 000 0 eng | ||
| 020 | _z0391041851 | ||
| 040 |
_aCaPaEBR _cCaPaEBR |
||
| 035 | _a(OCoLC)191946978 | ||
| 050 | 1 | 4 |
_aBT127.3 _b.L35 2003eb |
| 082 | 0 | 4 |
_a231.7/4 _221 |
| 100 | 1 |
_aLacy, John, _db. 1664. |
|
| 240 | 1 | 0 | _aGeneral delusion of Christians |
| 245 | 1 | 4 |
_aThe spirit of prophecy defended _h[electronic resource] / _cedited and with a new introduction by J. Ramsey Michaels. |
| 260 |
_aBoston : _bBrill Academic Publishers, _c2003. |
||
| 300 | _alix, 521 p. | ||
| 500 | _aOriginally published: The general delusion of Christians. 1713. With new introd. | ||
| 533 |
_aElectronic reproduction. _bPalo Alto, Calif. : _cebrary, _d2013. _nAvailable via World Wide Web. _nAccess may be limited to ebrary affiliated libraries. |
||
| 650 | 0 |
_aRevelation _vEarly works to 1800. |
|
| 650 | 0 |
_aProphecy _xChristianity _vEarly works to 1800. |
|
| 655 | 7 |
_aElectronic books. _2local |
|
| 700 | 1 | _aMichaels, J. Ramsey. | |
| 710 | 2 | _aebrary, Inc. | |
| 856 | 4 | 0 |
_uhttp://site.ebrary.com/lib/rucke/Doc?id=10089745 _zAn electronic book accessible through the World Wide Web; click to view |
| 999 |
_c69638 _d69638 |
||